| 000 | 02588cam a2200445 i 4500 | ||
|---|---|---|---|
| 001 | 849715668 | ||
| 003 | OCoLC | ||
| 005 | 20251115061835.0 | ||
| 008 | 130401s2012 onc 000 1 eng d | ||
| 010 | _a 2014657911 | ||
| 020 | _a9780778315575 | ||
| 020 | _a0778315576 | ||
| 040 |
_aCCE _beng _erda _cCCE _dOCO _dZAC _dOCP _dZHB _dCFR _dOCLCF _dOCLCO _dDLC _dRB0 _dOCLCQ _dOCLCO _dNKADP _dNTASP _dOCLCO _dOCL _dLKC _dCQA _dOCLCO _dUtOrBLW |
||
| 041 | _aeng | ||
| 043 | _an-us-ca | ||
| 050 | 1 | 4 |
_aF _bAndre Bella |
| 082 | 0 | 4 | _a[Fic] |
| 092 | _aR ANDRE | ||
| 100 | 1 |
_aAndre, Bella, _eauthor. |
|
| 245 | 1 | 0 |
_aFrom this moment on / _cBella Andre. |
| 250 | _aExpanded edition. | ||
| 260 |
_aDon Mills, Ontario : _bHarlequin MIRA, _c[2012] |
||
| 264 | 1 |
_aDon Mills, Ontario : _bHarlequin MIRA, _c[2012] |
|
| 300 |
_a379 pages ; _c17 cm. |
||
| 336 |
_atext _btxt _2rdacontent. |
||
| 337 |
_aunmediated _bn _2rdamedia. |
||
| 338 |
_avolume _bnc _2rdacarrier. |
||
| 490 | 1 |
_aSullivans ; _v[2] |
|
| 520 | _aFor thirty-six years, Marcus Sullivan has been the responsible older brother, stepping in to take care of his seven siblings after their father died when they were children. But when the perfectly ordered future he's planned for himself turns out to be nothing but a lie, Marcus needs one reckless night to shake free from it all. Nicola Harding is known throughout the world by only one name - Nico - for her catchy, sensual pop songs. Only, what no one knows about the twenty-five year old singer is that her sex-kitten image is totally false. After a terrible betrayal by a man who loved fame far more than he ever loved her, she vows not to let anyone else get close enough to find out who she really is ... or hurt her again. Especially not the gorgeous stranger she meets at a nightclub, even though the hunger - and the sinful promises - in his dark eyes make her want to spill all her secrets. One night is all Nicola and Marcus agree to share with each other. But nothing goes as they plan when instead of simply tangling limbs, they find a deeper connection than either of them could have anticipated. And even though they both try to fight it, growing emotions - and sizzling attraction - keep drawing them closer together. | ||
| 650 | 0 |
_aWomen singers _vFiction. |
|
| 650 | 7 |
_aWomen singers. _2fast. |
|
| 651 | 0 |
_aCalifornia _vFiction. |
|
| 651 | 7 |
_aCalifornia. _2fast. |
|
| 655 | 7 |
_aRomance fiction. _2lcgft. |
|
| 655 | 7 |
_aRomance fiction. _2fast. |
|
| 655 | 7 |
_aFiction. _2fast. |
|
| 655 | 7 |
_aLove stories. _2gsafd. |
|
| 800 | 1 |
_aAndre, Bella. _tSullivans ; _v2. |
|
| 942 | _cBK | ||
| 999 |
_c7626 _d7626 |
||